MARC

LEADER 00000nam0a2200000 4500
001 155449
005 20231031152437.0
010 |a 5247010337 
020 |a RU  |b 92-1285 
035 |a (RuTPU)RU\TPU\book\168626 
090 |a 155449 
100 |a 20090314d1991 m y0rusy5003 ca 
101 0 |a rus 
102 |a RU 
105 |a a j 001zy 
200 1 |a Управление состоянием массива горных пород  |e учебник  |f Н. М. Проскуряков 
210 |a Москва  |c Недра  |d 1991 
215 |a 368 с.  |c ил. 
225 1 |a Высшее образование 
320 |a Библиогр.: с. 364. 
610 1 |a угольные месторождения 
610 1 |a горные породы 
610 1 |a физико-механические свойства 
610 1 |a пластовые месторождения 
610 1 |a кровля 
610 1 |a устойчивость 
610 1 |a укрепление 
610 1 |a разработка 
610 1 |a калийные соли 
610 1 |a калийные месторождения 
610 1 |a горное давление 
610 1 |a управление 
610 1 |a учебники 
675 |a 622.831(075.8)  |z rus 
700 1 |a Проскуряков  |b Н. М.  |g Николай Максимович 
801 0 |a RU  |b RuMRKP  |c 19950417  |g psbo 
801 1 |a RU  |b 63413507  |c 20090314  |g PSBO 
801 2 |a RU  |b 63413507  |c 20100301  |g PSBO 
942 |c BK